| 000 | 00512nam a2200181Ia 4500 | ||
|---|---|---|---|
| 003 | OSt | ||
| 005 | 20251119144211.0 | ||
| 008 | 210210b1936 xxu||||| |||| 00| 0 eng d | ||
| 040 | _cAL | ||
| 041 | _akan | ||
| 082 | _a851/220 | ||
| 100 |
_aNAGACHANDRA _9159609 _dನಾಗಚಂದ್ರ |
||
| 245 |
_aPamparamayana sangraha: _bಪಂಪ ರಾಮಾಯಣ ಸಂಗ್ರಹ |
||
| 260 |
_aMaisuru _bMaisuru Vishvavidyanilaya _c1936 |
||
| 690 |
_aKannada Poetry _9159610 |
||
| 906 | _a018238 | ||
| 942 |
_2ddc _cBK |
||
| 999 |
_c141364 _d141364 |
||